000
00218 a2200097 4500
001
32648
100
_a
Gorlitz, W
245
_a
The memoirs of F M Keitel
260
_a
London
_b
William Kimber
_c
090
_c
21861
_d
21861
942
_a
NUST-CAE
_c
M
_c
13182
999
_c
267721
_d
267721